| 000 | 00686nam a2200181 a 4500 | ||
|---|---|---|---|
| 001 | 000040492 | ||
| 005 | 20201002034152.0 | ||
| 008 | 130826s2010 mx r 000 0 spa d | ||
| 020 | _a9786070212260 | ||
| 040 |
_aDO-SdBNP _bspa _cBNPHU |
||
| 082 |
_axxxx _bxxxx |
||
| 100 | 1 |
_aChumacero, Alí _966225 |
|
| 245 | 1 | 0 |
_aAcerca del poeta y su mundo : _bdiscurso de ingreso a la Academia Mexicana de la Lengua 27 de noviembre de 1964 / _cAlí Chumacero. Respuesta de Andrés Henestrosa. |
| 260 |
_aMéxico : _bUniversidad Autónoma de México : _bAcademia Mexicana de la Lengua, _c2010. |
||
| 300 |
_a54 p. ; _c18 cm. |
||
| 590 | _aInventariado, 2019/BT | ||
| 700 | 1 |
_aHenestrosa, Andrés _966797 |
|
| 999 |
_c39982 _d39982 |
||